| 000 | 00558cam a2200205ua 4500 | ||
|---|---|---|---|
| 001 | 10182 | ||
| 008 | 170926n ii |||gr||||Z||||||asm | ||
| 020 | _a9789381784884 | ||
| 040 | _cMAIN | ||
| 041 | _aasm | ||
| 082 | _a354.2794 | ||
| 100 |
_aGohain, Nabin, _eAuthor. |
||
| 245 |
_aAdministration of rural development of India (A) _cBy Nabin Gohain and Dipen Das |
||
| 250 | _a8th ed. | ||
| 260 |
_aJorhat: _bBidya bhawan, _c2017. |
||
| 300 | _a434p. | ||
| 653 | _aAdministration of economy & environment | ||
| 700 |
_aDas, Dipen, _eAuthor. |
||
| 942 | _cBK | ||
| 999 |
_c9179 _d9179 |
||